Normal view
MARC view
- Deitel , Paul & Deitel Harvey
Entry Personal Name
001 - CONTROL NUMBER
- control field: 18311
003 - CONTROL NUMBER IDENTIFIER
- control field: NUST
005 - DATE AND TIME OF LATEST TRANSACTION
- control field: 20190723055519.0
008 - FIXED-LENGTH DATA ELEMENTS
- fixed length control field: 190723|| aca||aabn | a|a d
040 ## - CATALOGING SOURCE
- Original cataloging agency: NUST
- Transcribing agency: NUST
100 ## - HEADING--PERSONAL NAME
- Personal name: Deitel , Paul & Deitel Harvey
670 ## - SOURCE DATA FOUND
- Source citation: Work cat.: (NUST): Deitel , Paul & Deitel Harvey, HOW TO PROGRAM WITH AN INTRODUCTION TO C++ \, 2018.
